[Event "Lasker Memorial A"]
[Site "Barlinek"]
[Date "2006.06.08"]
[Round "6.25"]
[White "Puczylowski, Marcin"]
[Black "Kolomytchenko, Igor"]
[Result "1-0"]
[WhiteElo "1912"]
[BlackElo "2079"]
[PlyCount "109"]
[EventDate "2006.06.??"]

1. e4 c6 2. d4 d5 3. exd5 cxd5 4. c4 Nf6 5. Nc3 e6 6. Bg5 Be7 7. c5 O-O 8. Nf3
Nc6 9. a3 b6 10. b4 bxc5 11. bxc5 Bd7 12. Be2 h6 13. Bh4 Ne4 14. Bxe7 Qxe7 15.
Qc2 Nxd4 16. Nxd4 Qxc5 17. Nxe4 Qxc2 18. Nxc2 dxe4 19. O-O Rfc8 20. Ne3 Rc3 21.
a4 Rb8 22. a5 Rb4 23. Rab1 Rcb3 24. Rxb3 Rxb3 25. Rd1 Ba4 26. Rd8+ Kh7 27. g3
f5 28. Kg2 Rb2 29. Bd1 Bxd1 30. Rxd1 Rb5 31. a6 Rb6 32. Ra1 Rc6 33. Ra4 Kg8 34.
Nc4 Rc5 35. Nd6 Kf8 36. Rc4 Rxc4 37. Nxc4 Ke7 38. f3 Kd7 39. fxe4 fxe4 40. Kf2
Kc6 41. Ke3 Kb5 42. Nd6+ Kxa6 43. Nc8 Kb7 44. Nxa7 Kxa7 45. Kxe4 Kb6 46. Ke5
Kc5 47. Kxe6 Kd4 48. Kf7 g5 49. Kg6 Ke4 50. Kxh6 g4 51. Kg5 Kf3 52. Kh4 Kg2 53.
Kxg4 Kxh2 54. Kh4 Kg2 55. Kg4 1-0

[Event "Lasker Memorial A"]
[Site "Barlinek"]
[Date "2006.06.08"]
[Round "6.26"]
[White "Dragun, Kamil"]
[Black "Kopinski, Tomasz"]
[Result "1/2-1/2"]
[WhiteElo "1893"]
[BlackElo "2069"]
[PlyCount "187"]
[EventDate "2006.06.??"]

1. e4 c5 2. Nf3 d6 3. d4 cxd4 4. Nxd4 Nf6 5. Nc3 g6 6. f3 Bg7 7. Be3 Nc6 8. Qd2
h5 9. O-O-O Bd7 10. Kb1 Rc8 11. Nd5 Ne5 12. Nb3 Nc4 13. Bxc4 Rxc4 14. Bd4 O-O
15. Bxf6 exf6 16. Ne3 Rc6 17. g4 h4 18. Qf2 a5 19. Rhg1 Qb6 20. Nd4 Be6 21. Nd5
Bxd5 22. exd5 Rc4 23. Qd2 Rfc8 24. c3 Rxc3 25. Nc6 R3xc6 26. dxc6 Rxc6 27. f4
g5 28. f5 Bf8 29. Qd4 Rc5 30. Rge1 Kg7 31. Qd2 Qc6 32. h3 d5 33. Rc1 b6 34.
Red1 Rxc1+ 35. Rxc1 Bc5 36. Qd3 Qd6 37. a3 Qg3 38. Rd1 Be3 39. Qxd5 Qxh3 40.
Qb3 Qxg4 41. Ka1 a4 42. Qc2 Bc5 43. Qd3 Qf4 44. Re1 Qg3 45. Qd1 Bd4 46. Kb1 Be5
47. Rg1 Qf4 48. Qc2 Qd4 49. Rd1 Qf4 50. Rd8 Qf1+ 51. Ka2 Qb5 52. Rd3 g4 53. Re3
Qd5+ 54. Kb1 g3 55. Re4 h3 56. Rg4+ Kf8 57. Rxa4 Qb7 58. Rh4 h2 59. Qd1 Ke7 60.
Rh8 Qd7 61. Qf3 Qc7 62. Qa8 Kd7 63. Qd5+ Ke7 64. Qa8 Bf4 65. Re8+ Kd7 66. Re1
Be5 67. Rd1+ Ke7 68. Qd5 Qc8 69. Ka1 Qb8 70. Qc6 Bxb2+ 71. Ka2 Be5 72. Rd7+ Kf8
73. Qd5 Qe8 74. Rd8 Qxd8 75. Qxd8+ Kg7 76. Qd5 Kh6 77. Kb3 Kg5 78. Qf3 Bf4 79.
Kc4 Kxf5 80. Kd4 Kg5 81. Ke4 f5+ 82. Kd3 Bd6 83. a4 f4 84. Ke2 Bc5 85. Kf1 Be3
86. Kg2 Kf5 87. Qd5+ Kf6 88. Qe4 Kg5 89. Qe5+ f5 90. Qg7+ Kh5 91. Qf7+ Kg5 92.
Qg7+ Kh5 93. Qh7+ Kg5 94. Qg7+ 1/2-1/2

[Event "Lasker Memorial A"]
[Site "Barlinek"]
[Date "2006.06.08"]
[Round "6.27"]
[White "Czaus, Piotr"]
[Black "Kowalska, Sara"]
[Result "1-0"]
[WhiteElo "1799"]
[BlackElo "1833"]
[PlyCount "85"]
[EventDate "2006.06.??"]

1. d4 d5 2. c4 e6 3. Nc3 Nf6 4. e3 Be7 5. Nf3 O-O 6. Be2 dxc4 7. Bxc4 b6 8. O-O
Bb7 9. b3 c5 10. dxc5 Bxc5 11. Bb2 Nbd7 12. a3 Rc8 13. Qe2 Ne4 14. Rad1 Qe7 15.
Nxe4 Bxe4 16. b4 Bd6 17. Bd3 Bb7 18. Bxh7+ Kxh7 19. Qd3+ Kg8 20. Qxd6 Qxd6 21.
Rxd6 Nf6 22. Bxf6 gxf6 23. Rd7 Bxf3 24. gxf3 a5 25. bxa5 bxa5 26. Ra7 Rc5 27.
Rd1 Kh7 28. Rd4 Rf5 29. Kg2 Kg6 30. Rg4+ Kh6 31. Kg3 Rc5 32. f4 e5 33. Ra6
exf4+ 34. Rxf4 Rg8+ 35. Kf3 Rh5 36. Raxf6+ Kg7 37. Rxf7+ Kg6 38. R7f6+ Kh7 39.
h4 Rg6 40. R6f5 Rgh6 41. Rxh5 Rxh5 42. Kg4 Kg6 43. Rf6+ 1-0

[Event "Lasker Memorial A"]
[Site "Barlinek"]
[Date "2006.06.09"]
[Round "7.1"]
[White "Bulski, Krzysztof"]
[Black "Shishkin, Vadim"]
[Result "1/2-1/2"]
[WhiteElo "2389"]
[BlackElo "2541"]
[PlyCount "76"]
[EventDate "2006.06.??"]

1. e4 c5 2. Nf3 Nc6 3. d4 cxd4 4. Nxd4 Nf6 5. Nc3 d6 6. Bc4 Qb6 7. Nde2 e6 8.
O-O Be7 9. Bb3 O-O 10. Kh1 a6 11. f4 Qc7 12. f5 Na5 13. Nf4 Nxb3 14. axb3 Bd7
15. Nh5 Bc6 16. Bg5 Nxh5 17. Qxh5 Bxg5 18. Qxg5 f6 19. Qd2 Rfe8 20. Rae1 Rad8
21. Re3 Qa5 22. Rg3 exf5 23. exf5 Qe5 24. Rd3 h6 25. h3 Kh7 26. Rf2 Qa5 27. Kh2
Qe5+ 28. Kh1 Qa5 29. Kh2 Rd7 30. Rd4 Qe5+ 31. Kg1 Qe1+ 32. Kh2 Kg8 33. Re2 Rxe2
34. Nxe2 Qxd2 35. Rxd2 Re7 36. Nd4 Bd7 37. Kg3 Kf7 38. Kf4 Re5 1/2-1/2

[Event "Lasker Memorial A"]
[Site "Barlinek"]
[Date "2006.06.09"]
[Round "7.2"]
[White "Urban, Klaudiusz"]
[Black "Gumula, Daniel"]
[Result "1/2-1/2"]
[WhiteElo "2457"]
[BlackElo "2341"]
[PlyCount "68"]
[EventDate "2006.06.??"]

1. d4 Nf6 2. Nf3 g6 3. c4 Bg7 4. g3 O-O 5. Bg2 d6 6. Nc3 c6 7. e4 Qa5 8. O-O e5
9. dxe5 dxe5 10. Qc2 Be6 11. b3 Nbd7 12. Ng5 Rfe8 13. Nxe6 Rxe6 14. Bd2 Qc7 15.
b4 Ree8 16. c5 Nf8 17. Ne2 Ne6 18. Rfd1 Rad8 19. Bc3 b6 20. cxb6 Qxb6 21. Rxd8
Rxd8 22. Rd1 Rxd1+ 23. Qxd1 Ng4 24. Be1 Bf8 25. a3 Qa6 26. h3 Nf6 27. Bc3 Qxa3
28. Bxe5 Ne8 29. Qd7 N8g7 30. Qxc6 Qxb4 31. Nc3 Qc5 32. Qd5 Ne8 33. Bf1 Bg7 34.
Bxg7 Kxg7 1/2-1/2

[Event "Lasker Memorial A"]
[Site "Barlinek"]
[Date "2006.06.09"]
[Round "7.4"]
[White "Orzech, Dominik"]
[Black "Malaniuk, Vladimir"]
[Result "0-1"]
[WhiteElo "2346"]
[BlackElo "2539"]
[PlyCount "80"]
[EventDate "2006.06.??"]

1. d4 f5 2. Bg5 h6 3. Bh4 g5 4. e4 Nf6 5. e5 e6 6. exf6 Qxf6 7. Bg3 f4 8. Bd3
Nc6 9. Qh5+ Kd8 10. c3 d5 11. Nf3 fxg3 12. fxg3 Qg7 13. O-O Bd7 14. Nbd2 Bd6
15. Rae1 a6 16. Kh1 Kc8 17. c4 Bb4 18. Rf2 Kb8 19. Ne5 Nxe5 20. dxe5 Ka7 21. a3
Bxd2 22. Rxd2 Bc6 23. Qg4 Rad8 24. Qd4+ Kb8 25. c5 Rdf8 26. b4 h5 27. Rf2 Rxf2
28. Qxf2 Rf8 29. Qd4 h4 30. Rf1 Rxf1+ 31. Bxf1 hxg3 32. hxg3 Qh7+ 33. Kg1 Qb1
34. Qd3 Qa1 35. Qf3 Bb5 36. g4 a5 37. g3 Qxf1+ 38. Qxf1 Bxf1 39. Kxf1 axb4 40.
axb4 c6 0-1

[Event "Lasker Memorial A"]
[Site "Barlinek"]
[Date "2006.06.09"]
[Round "7.5"]
[White "Aliavdin, Nikolai"]
[Black "Kalinitschew, Sergey"]
[Result "1-0"]
[WhiteElo "2355"]
[BlackElo "2516"]
[PlyCount "83"]
[EventDate "2006.06.??"]

1. e4 c5 2. Nf3 e6 3. d4 cxd4 4. Nxd4 a6 5. c4 Qc7 6. Nc3 Nf6 7. a3 b6 8. Be3
Bb7 9. f3 Nc6 10. Be2 Nxd4 11. Bxd4 Bd6 12. g3 Rb8 13. Qd2 Be5 14. Rd1 O-O 15.
Bxe5 Qxe5 16. Qd4 Qxd4 17. Rxd4 Bc6 18. b4 b5 19. c5 Ne8 20. O-O Nc7 21. Rfd1
Rfd8 22. Kf2 f6 23. f4 Kf7 24. f5 e5 25. R4d2 a5 26. Nd5 Na6 27. Rb2 d6 28.
cxd6 Rxd6 29. bxa5 Nc5 30. Ke3 Ra8 31. Rc2 Nb3 32. Nb6 Nd4 33. Rxc6 Rxc6 34.
Nxa8 Ra6 35. Nc7 Rxa5 36. Rd3 g6 37. g4 h5 38. fxg6+ Kxg6 39. gxh5+ Kg5 40. h4+
Kxh4 41. h6 Ra7 42. h7 1-0

[Event "Lasker Memorial A"]
[Site "Barlinek"]
[Date "2006.06.09"]
[Round "7.6"]
[White "Grabarczyk, Miroslaw"]
[Black "Owczarzak, Jerzy"]
[Result "1-0"]
[WhiteElo "2469"]
[BlackElo "2380"]
[PlyCount "115"]
[EventDate "2006.06.??"]

1. d4 Nf6 2. c4 g6 3. g3 Bg7 4. Bg2 d5 5. cxd5 Nxd5 6. Nf3 O-O 7. O-O c5 8.
dxc5 Na6 9. Ng5 e6 10. Ne4 Bd7 11. Nbc3 Nxc3 12. Nxc3 Nxc5 13. Be3 Rc8 14. Rc1
b6 15. b4 Na6 16. Qb3 Qe7 17. Bb7 Ba4 18. Qxa4 Qxb7 19. Nb5 Be5 20. Bh6 Rfd8
21. Rxc8 Rxc8 22. Rd1 Nc7 23. Qxa7 Qxa7 24. Nxa7 Ra8 25. Rd7 Nd5 26. Nc6 Bg7
27. Bxg7 Kxg7 28. Ne5 Rxa2 29. e4 Nxb4 30. Nxf7 Kg8 31. Ng5 Nc6 32. Nxe6 Ne5
33. Rg7+ Kh8 34. Rb7 Kg8 35. Rxb6 Ng4 36. Rb8+ Kf7 37. Ng5+ Kf6 38. h4 h6 39.
Rb6+ Ke5 40. Rb5+ Kd4 41. Rd5+ Kc4 42. Nh3 Re2 43. Rd6 Ne5 44. Nf4 Re1+ 45. Kg2
g5 46. hxg5 hxg5 47. Ng6 Rxe4 48. Re6 Kd5 49. Rxe5+ Rxe5 50. Nxe5 Kxe5 51. Kf3
Kf5 52. Ke3 Ke5 53. g4 Kd5 54. f4 gxf4+ 55. Kxf4 Ke6 56. Kg5 Kf7 57. Kh6 Kg8
58. g5 1-0

[Event "Lasker Memorial A"]
[Site "Barlinek"]
[Date "2006.06.09"]
[Round "7.8"]
[White "Szymczak, Zbigniew"]
[Black "Koziak, Vitali"]
[Result "0-1"]
[WhiteElo "2276"]
[BlackElo "2462"]
[PlyCount "228"]
[EventDate "2006.06.??"]

1. d4 Nf6 2. c4 e6 3. Nc3 Bb4 4. e3 O-O 5. Nge2 d5 6. a3 Bd6 7. Ng3 c6 8. e4
Nxe4 9. Ngxe4 dxe4 10. Nxe4 e5 11. Be3 exd4 12. Qxd4 Bc7 13. Qxd8 Rxd8 14. Rd1
Rxd1+ 15. Kxd1 Bf5 16. Nc5 Nd7 17. Bd3 Bg4+ 18. f3 Nxc5 19. Bxc5 Be6 20. h3 b6
21. Bf2 f5 22. Re1 Kf7 23. Kc2 a5 24. a4 c5 25. g4 g6 26. b3 Bf4 27. Rg1 Re8
28. Re1 Rd8 29. Rd1 h5 30. gxh5 g5 31. h4 Rh8 32. hxg5 Rxh5 33. Re1 Rxg5 34.
Bh4 Rg8 35. Rf1 Rh8 36. Be1 Be5 37. f4 Rh2+ 38. Bd2 Bd4 39. Re1 Bd7 40. Re2 Rh3
41. Re1 Kf6 42. Re2 Bc6 43. Re1 Rh8 44. Re2 Bf3 45. Re1 Rg8 46. Kc1 Rg2 47. Kc2
Bh5 48. Kc1 Bg4 49. Kc2 Kf7 50. Kc1 Rh2 51. Kc2 Bf2 52. Re5 Bg3 53. Kc3 Bf2 54.
Kc2 Bd4 55. Re1 Rf2 56. Kc1 Rg2 57. Kc2 Rh2 58. Kc1 Bf2 59. Rf1 Ke6 60. Kb1 Bh3
61. Rd1 Bd4 62. Re1+ Kf6 63. Kc1 Kf7 64. Kc2 Bf2 65. Re5 Bg3 66. Re2 Rh1 67.
Re3 Rg1 68. Re5 Rg2 69. Bxf5 Bxf4 70. Bxh3 Rxd2+ 71. Kc3 Rf2 72. Rd5 Kg6 73.
Bf5+ Kf6 74. Bc2 Rf3+ 75. Bd3 Ke6 76. Kc2 Rf2+ 77. Kd1 Rd2+ 78. Ke1 Rb2 79.
Bf5+ Kf6 80. Bd7 Rxb3 81. Bb5 Be5 82. Ke2 Rh3 83. Rd3 Rh4 84. Kf3 Bd4 85. Rd2
Kf5 86. Bd7+ Ke5 87. Re2+ Kd6 88. Bg4 Be5 89. Rd2+ Kc6 90. Bd7+ Kc7 91. Bb5 Bd4
92. Rg2 Rh6 93. Ke4 Kd6 94. Rg5 Re6+ 95. Kf5 Ke7 96. Rg6 Bf6 97. Rg4 Re5+ 98.
Kg6 Ke6 99. Bc6 Bd8 100. Re4 Rxe4 101. Bxe4 b5 102. cxb5 c4 103. Bc2 Bb6 104.
Bd1 Be3 105. Bc2 Ke5 106. Kf7 Kd4 107. Ke6 Kc3 108. Be4 Kb3 109. Kd5 c3 110.
Kc6 Kxa4 111. b6 Kb3 112. b7 Bf4 113. Kb5 a4 114. Bd5+ Kb2 0-1

[Event "Lasker Memorial A"]
[Site "Barlinek"]
[Date "2006.06.09"]
[Round "7.10"]
[White "Khamitskiy, Sergei"]
[Black "Leniart, Arkadiusz"]
[Result "1/2-1/2"]
[WhiteElo "2201"]
[BlackElo "2333"]
[PlyCount "71"]
[EventDate "2006.06.??"]

1. d4 d5 2. c4 e6 3. g3 Nf6 4. Bg2 Nbd7 5. Nf3 dxc4 6. O-O c5 7. Qc2 b5 8. a4
Bb7 9. axb5 Nb6 10. dxc5 Bxc5 11. Nc3 Qc8 12. Bg5 Nfd5 13. Ne4 h6 14. Bd2 Be7
15. Ne5 Qc7 16. Nf3 O-O 17. Qc1 f5 18. Nc3 Bf6 19. Nxd5 Bxd5 20. Bc3 e5 21. Rd1
Be4 22. Ne1 Bxg2 23. Nxg2 Qc5 24. Qc2 Bg5 25. Ra5 f4 26. Be1 f3 27. exf3 Rxf3
28. Rda1 Rd8 29. Rxa7 Rd2 30. Qg6 Bf6 31. Qf7+ Kh7 32. Nh4 Rfxf2 33. Qg6+ Kg8
34. Qe8+ Kh7 35. Qg6+ Kg8 36. Ra8+ 1/2-1/2

[Event "Lasker Memorial A"]
[Site "Barlinek"]
[Date "2006.06.09"]
[Round "7.12"]
[White "Kukla, Maciej"]
[Black "Rutkowski, Maciej"]
[Result "0-1"]
[WhiteElo "2026"]
[BlackElo "2298"]
[PlyCount "52"]
[EventDate "2006.06.??"]

1. e4 c5 2. Nf3 d6 3. Nc3 Nf6 4. d4 cxd4 5. Qxd4 a6 6. Bg5 Nc6 7. Qd2 e6 8.
O-O-O Be7 9. Kb1 b5 10. Nd4 Bb7 11. Bxf6 gxf6 12. Qh6 Nxd4 13. Rxd4 Qb6 14. Qd2
Bc6 15. Be2 Rg8 16. Bf3 Rg5 17. Rxd6 Bxd6 18. Qxd6 Rd8 19. Qf4 Ke7 20. h4 Rc5
21. Re1 Re5 22. Rf1 b4 23. Ne2 Qb5 24. Ng3 Bxe4 25. Rc1 Bxf3 26. Qxf3 Qd5 0-1

[Event "Lasker Memorial A"]
[Site "Barlinek"]
[Date "2006.06.09"]
[Round "7.14"]
[White "Bronowicki, Mateusz"]
[Black "Lagowski, Patryk"]
[Result "0-1"]
[WhiteElo "2278"]
[BlackElo "2392"]
[PlyCount "90"]
[EventDate "2006.06.??"]

1. d4 Nf6 2. c4 c5 3. Nf3 cxd4 4. Nxd4 e5 5. Nb5 d5 6. cxd5 a6 7. N5c3 Bc5 8.
g3 h5 9. h3 b5 10. Bg2 Qb6 11. e3 Ra7 12. Nd2 Bf5 13. Qe2 Re7 14. e4 Bd7 15. a4
Bd4 16. O-O O-O 17. axb5 axb5 18. Nb3 b4 19. Na4 Bb5 20. Nxb6 Bxe2 21. Re1 Bxb6
22. Rxe2 Rc7 23. Bg5 Rfc8 24. Rd1 Nbd7 25. h4 Ng4 26. Bh3 Rc2 27. Bxg4 hxg4 28.
Rxc2 Rxc2 29. Rd2 Rc4 30. Re2 f6 31. Be3 Bxe3 32. fxe3 Nb6 33. Kf2 Nc8 34. Na5
Rc5 35. Nb3 Rc7 36. Na1 Nd6 37. Rc2 Nxe4+ 38. Kg2 Rd7 39. Rc4 f5 40. Rxb4 Rxd5
41. Nb3 Rd3 42. Rb5 Rxe3 43. Nc1 Rxg3+ 44. Kh2 Rh3+ 45. Kg1 Re3 0-1

[Event "Lasker Memorial A"]
[Site "Barlinek"]
[Date "2006.06.09"]
[Round "7.15"]
[White "Czaja, Roman"]
[Black "Strzemiecki, Zbigniew"]
[Result "0-1"]
[WhiteElo "2144"]
[BlackElo "2332"]
[PlyCount "79"]
[EventDate "2006.06.??"]

1. c4 e6 2. Nc3 f5 3. g3 Nf6 4. Bg2 Bb4 5. Qc2 O-O 6. b3 Nc6 7. a3 Be7 8. e3 e5
9. b4 e4 10. d4 exd3 11. Qxd3 a5 12. b5 Ne5 13. Qd4 d6 14. Nf3 c5 15. bxc6 Nxc6
16. Qd2 Be6 17. Qe2 Ne5 18. Nd2 Rc8 19. Bxb7 Rxc4 20. Nxc4 Bxc4 21. Qc2 d5 22.
Ne2 Qd7 23. Rb1 Bd3 24. Qb2 Nc4 25. Qa2 Bxb1 26. Qxb1 Bxa3 27. Bxa3 Nxa3 28.
Qb3 Nc4 29. Nf4 a4 30. Qb4 Ne5 31. Ke2 g5 32. Ng2 Kg7 33. Rb1 Rb8 34. f4 gxf4
35. Nxf4 a3 36. Qd4 Rxb7 37. Qxe5 Rxb1 38. Nh5+ Kg6 39. Qxf6+ Kxh5 40. Kf3 0-1

[Event "Lasker Memorial A"]
[Site "Barlinek"]
[Date "2006.06.09"]
[Round "7.16"]
[White "Budrewicz, Krzysztof"]
[Black "Bylino, Oleg"]
[Result "0-1"]
[WhiteElo "2142"]
[BlackElo "2316"]
[PlyCount "56"]
[EventDate "2006.06.??"]

1. d4 d6 2. Nf3 g6 3. c4 Bg7 4. g3 f5 5. Bg2 Nf6 6. O-O O-O 7. Nc3 Na6 8. Rb1
c5 9. d5 Nc7 10. a3 Bd7 11. b4 Nh5 12. Bd2 cxb4 13. axb4 Rc8 14. Qb3 Kh8 15.
Rfd1 f4 16. Ng5 Qe8 17. Rbc1 fxg3 18. hxg3 Nf6 19. Be3 b6 20. Qa2 Ng4 21. Bf4
h6 22. Nge4 g5 23. Be3 Qh5 24. Bd2 Qh2+ 25. Kf1 Nxf2 26. Nxf2 Bh3 27. Bf4 Bxg2+
28. Ke1 gxf4 0-1

[Event "Lasker Memorial A"]
[Site "Barlinek"]
[Date "2006.06.09"]
[Round "7.17"]
[White "Gorecka, Joanna"]
[Black "Mouiwid, Jury"]
[Result "0-1"]
[WhiteElo "2082"]
[BlackElo "2239"]
[PlyCount "96"]
[EventDate "2006.06.??"]

1. e4 c5 2. Nf3 g6 3. d4 cxd4 4. Nxd4 Bg7 5. c4 Nf6 6. Nc3 Nc6 7. Be3 Ng4 8.
Qxg4 Nxd4 9. Qd1 Ne6 10. Rc1 d6 11. Bd3 O-O 12. O-O b6 13. Bb1 Bb7 14. b3 Rc8
15. Qd2 Nc5 16. Qe2 Qd7 17. Nd5 Qe6 18. f3 Rfe8 19. Qd2 Bxd5 20. cxd5 Qd7 21.
f4 Qb7 22. Rf3 Nd7 23. Rcf1 Rc3 24. Rh3 Rec8 25. Qf2 Qc7 26. f5 Bf6 27. g4 g5
28. Qd2 Ne5 29. Rg3 h6 30. Kh1 Kg7 31. Rg2 b5 32. Qe2 b4 33. Bd2 a5 34. Rg3
Rxg3 35. hxg3 Qc5 36. Kg2 Nd7 37. Rc1 Qxc1 38. Bxc1 Rxc1 39. Bc2 Bc3 40. Bd1
Ne5 41. Kh3 Kf6 42. Kg2 Rb1 43. Kh3 Rb2 44. Bc2 Rxa2 45. Qd1 Kg7 46. Qe2 a4 47.
bxa4 b3 48. Qe3 Rxc2 0-1

[Event "Lasker Memorial A"]
[Site "Barlinek"]
[Date "2006.06.09"]
[Round "7.19"]
[White "Kielbratowski, Aleksander"]
[Black "Goluch, Piotr"]
[Result "0-1"]
[WhiteElo "2153"]
[BlackElo "1966"]
[PlyCount "104"]
[EventDate "2006.06.??"]

1. e4 c6 2. d4 d5 3. e5 Bf5 4. Nc3 e6 5. g4 Bg6 6. Nf3 Nd7 7. Ne2 h6 8. Ng3 Qc7
9. Bd3 Bxd3 10. Qxd3 O-O-O 11. a4 Ne7 12. g5 h5 13. g6 Nxg6 14. Ng5 Nb8 15. h4
c5 16. c3 Nc6 17. Bd2 Kb8 18. Rc1 c4 19. Qf3 Ngxe5 20. dxe5 Nxe5 21. Qg2 Nd3+
22. Ke2 Nxc1+ 23. Rxc1 Bd6 24. Kf1 Bf4 25. Be3 Bxe3 26. fxe3 Qe7 27. Kg1 f6 28.
Nf3 g5 29. hxg5 fxg5 30. Ne2 Ka8 31. Rf1 g4 32. Ne5 Rh7 33. Nf4 Qg5 34. Nxe6
Qxe3+ 35. Qf2 Qxf2+ 36. Rxf2 Re8 37. Ng6 a6 38. Rf6 Ka7 39. Ngf4 h4 40. Rg6 g3
41. Kg2 Rf7 42. Kh3 Rxe6 43. Nxe6 Rf1 44. Nc7 Rh1+ 45. Kg2 Rh2+ 46. Kf3 Rxb2
47. Rg4 Rf2+ 48. Ke3 d4+ 49. cxd4 c3 50. Rxh4 c2 51. Rh1 Rh2 52. Rg1 g2 0-1

[Event "Lasker Memorial A"]
[Site "Barlinek"]
[Date "2006.06.09"]
[Round "7.20"]
[White "Tokarski, Lukasz"]
[Black "Chlost, Marlena"]
[Result "1-0"]
[WhiteElo "2152"]
[BlackElo "2122"]
[PlyCount "151"]
[EventDate "2006.06.??"]

1. e4 c5 2. Nf3 d6 3. d4 cxd4 4. Nxd4 Nf6 5. Nc3 a6 6. Bc4 e6 7. a3 Qc7 8. Ba2
Be7 9. O-O O-O 10. f4 b5 11. f5 e5 12. Nde2 Bb7 13. Bg5 Nbd7 14. Kh1 Rad8 15.
Ng3 Qc5 16. Nh5 Rc8 17. Bxf6 Bxf6 18. Qg4 Qe3 19. Rad1 Qg5 20. Nxf6+ Qxf6 21.
Bd5 Rc7 22. Bxb7 Rxb7 23. Nd5 Qh6 24. f6 Kh8 25. Rd3 gxf6 26. Rg3 f5 27. Qxf5
a5 28. Qg4 f5 29. exf5 Nf6 30. Nxf6 Qxf6 31. Qe4 Rc7 32. b3 a4 33. h3 Rfc8 34.
Rf2 Rc5 35. Rd2 axb3 36. cxb3 Rc1+ 37. Kh2 Rf1 38. Qb7 Rd8 39. Rc2 Rxf5 40. Rc7
Qh6 41. Rcg7 d5 42. Qxd5 Qxg7 43. Qxd8+ Qf8 44. Qxf8+ Rxf8 45. Re3 Re8 46. Kg3
Kg7 47. Kf3 Kf6 48. Ke4 Ra8 49. Rf3+ Kg6 50. Kxe5 Rxa3 51. Kd5 Ra2 52. Rg3+ Kf5
53. Kc5 Rb2 54. b4 h5 55. Kxb5 Ke4 56. Rg5 Kd4 57. Rxh5 Rxg2 58. h4 Rg4 59. Rc5
Rg8 60. Kc6 Rc8+ 61. Kb7 Rh8 62. h5 Rh7+ 63. Kb6 Rh6+ 64. Kb5 Rh8 65. Rc4+ Kd5
66. Rh4 Rh6 67. Ka5 Kc6 68. b5+ Kc5 69. b6 Kc6 70. Ka6 Kc5 71. Ka7 Kb5 72. b7
Ra6+ 73. Kb8 Rh6 74. Rh1 Kb6 75. Ka8 Ka6 76. Ra1+ 1-0

[Event "Lasker Memorial A"]
[Site "Barlinek"]
[Date "2006.06.09"]
[Round "7.21"]
[White "Wielosz, Jaroslaw"]
[Black "Baumann, Dariusz"]
[Result "1/2-1/2"]
[WhiteElo "2023"]
[BlackElo "1892"]
[PlyCount "111"]
[EventDate "2006.06.??"]

1. d4 Nf6 2. c4 g6 3. Nf3 Bg7 4. g3 O-O 5. Bg2 d6 6. O-O Nc6 7. Nc3 e5 8. h3
exd4 9. Nxd4 Nxd4 10. Qxd4 Nd7 11. Qd2 a5 12. Rd1 Nc5 13. b3 a4 14. b4 Qf6 15.
bxc5 Qxc3 16. Qxc3 Bxc3 17. Rb1 dxc5 18. Bxb7 Rb8 19. Be4 Bxh3 20. Bf4 Rxb1 21.
Rxb1 Rd8 22. Bd5 Be6 23. e4 Kg7 24. Bxc7 Rd7 25. Bf4 h6 26. Rb5 Bb4 27. Kg2 g5
28. Be3 Rc7 29. Rb6 Kf6 30. Ra6 a3 31. f4 gxf4 32. Bxf4 Rc8 33. Bxh6 Rg8 34.
Bc1 Ke5 35. Bxa3 Bxa3 36. Rxa3 Bxd5 37. exd5 Kd4 38. Ra4 Ke3 39. Kh3 f5 40. Kg2
f4 41. Ra3+ Kd4 42. Rf3 Kxc4 43. d6 fxg3 44. d7 Rd8 45. Rf7 Kb4 46. Kxg3 Ka3
47. Kf4 Kxa2 48. Ke5 c4 49. Kd4 Kb3 50. Ke5 c3 51. Ke6 c2 52. Rf3+ Kb2 53. Rf2
Kb1 54. Rxc2 Kxc2 55. Ke7 Rxd7+ 56. Kxd7 1/2-1/2

[Event "Lasker Memorial A"]
[Site "Barlinek"]
[Date "2006.06.09"]
[Round "7.22"]
[White "Warszawski, Bartosz"]
[Black "Puczylowski, Marcin"]
[Result "1-0"]
[WhiteElo "2299"]
[BlackElo "1912"]
[PlyCount "55"]
[EventDate "2006.06.??"]

1. e4 c5 2. d4 cxd4 3. c3 dxc3 4. Nxc3 e6 5. Bc4 Nc6 6. Nf3 Nf6 7. Qe2 Qc7 8.
O-O Ng4 9. g3 Be7 10. a3 h5 11. h4 f6 12. Bf4 Nce5 13. Ba2 g5 14. Nb5 Qb6 15.
Bxe5 Nxe5 16. Nxe5 fxe5 17. Rac1 Bd6 18. Rfd1 Bc5 19. b4 a6 20. Rxc5 axb5 21.
Qe3 Qd8 22. Rxe5 gxh4 23. Bxe6 dxe6 24. Rxd8+ Kxd8 25. Qg5+ Kc7 26. Qg7+ Bd7
27. Rc5+ Kd6 28. e5# 1-0

[Event "Lasker Memorial A"]
[Site "Barlinek"]
[Date "2006.06.09"]
[Round "7.23"]
[White "Lubienski, Tadeusz"]
[Black "Tokarski, Bartlomiej"]
[Result "0-1"]
[WhiteElo "2166"]
[BlackElo "2004"]
[PlyCount "114"]
[EventDate "2006.06.??"]

1. d4 g6 2. c4 Bg7 3. Nc3 d6 4. e4 Nf6 5. Be2 O-O 6. f4 c5 7. d5 e6 8. Nf3 exd5
9. cxd5 Bg4 10. O-O Nbd7 11. h3 Bxf3 12. Bxf3 a6 13. a4 c4 14. Be3 Qa5 15. Bd4
Rfe8 16. Qe2 Nxe4 17. Bxg7 Qb6+ 18. Kh2 Ng3 19. Qd2 Nxf1+ 20. Rxf1 Kxg7 21. Ne4
f5 22. a5 Qc7 23. Ng5 Nc5 24. Qd4+ Kg8 25. Ne6 Nxe6 26. dxe6 Re7 27. Rc1 Rc8
28. Bd5 Qxa5 29. Qf6 Rce8 30. Rd1 Qc7 31. Re1 Rf8 32. Qc3 b5 33. h4 Qc5 34. Qf3
h5 35. Rd1 Rf6 36. Qc3 Kg7 37. Qa5 Rfxe6 38. Bxe6 Rxe6 39. Qd8 Qc6 40. Qa5 Re2
41. Qc3+ Kh7 42. Qg3 d5 43. Qf3 Re4 44. g3 Qd6 45. Kh3 d4 46. Qf2 d3 47. Qa7+
Re7 48. Qa8 b4 49. Qc8 Rc7 50. Qb8 Rd7 51. Qc8 Qc7 52. Qxa6 d2 53. Qa4 c3 54.
bxc3 bxc3 55. Qc2 Qc4 56. Rxd2 Rxd2 57. Qxc3 Qf1# 0-1

[Event "Lasker Memorial A"]
[Site "Barlinek"]
[Date "2006.06.09"]
[Round "7.24"]
[White "Klim, Kamil"]
[Black "Czaus, Piotr"]
[Result "1-0"]
[WhiteElo "1940"]
[BlackElo "1799"]
[PlyCount "125"]
[EventDate "2006.06.??"]

1. d4 Nf6 2. c4 g6 3. Nc3 Bg7 4. e4 d6 5. Nf3 O-O 6. h3 e5 7. d5 a5 8. Bg5 h6
9. Be3 Na6 10. Nd2 Nc5 11. g4 Ne8 12. Qc2 f5 13. exf5 gxf5 14. Rg1 Kh8 15.
O-O-O b6 16. Be2 e4 17. Bxc5 dxc5 18. gxf5 Bxf5 19. Ncxe4 Nd6 20. Bd3 Nxe4 21.
Bxe4 Qf6 22. f3 Bxh3 23. Rg6 Qf4 24. Rdg1 Rf7 25. R6g3 Bd4 26. Rxh3 Bxg1 27. d6
Rd8 28. Bd5 Rg7 29. dxc7 Rxc7 30. Kb1 Rg7 31. Ne4 Be3 32. a4 Rdd7 33. Ka2 Rg1
34. Qb3 Rg6 35. Qb5 Rdg7 36. Qe8+ Kh7 37. Nc3 Bd4 38. Ne2 Qd2 39. Nxd4 cxd4 40.
Be4 Qg5 41. Bd3 Qf6 42. Rg3 Rg8 43. Qe4 h5 44. Qd5 Kh6 45. Bxg6 Rxg6 46. Rh3
Rg5 47. Qe4 Qf5 48. Qxf5 Rxf5 49. Kb3 Kg5 50. Kc2 Rf4 51. Kd3 Rh4 52. Rxh4 Kxh4
53. b4 Kg3 54. c5 bxc5 55. b5 h4 56. b6 h3 57. b7 Kxf3 58. b8=Q Kg2 59. Qg8+
Kh1 60. Qg3 c4+ 61. Kxd4 h2 62. Qf2 c3 63. Qf1# 1-0

[Event "Lasker Memorial A"]
[Site "Barlinek"]
[Date "2006.06.09"]
[Round "7.25"]
[White "Vogel, Jaap"]
[Black "Dragun, Kamil"]
[Result "1-0"]
[WhiteElo "2256"]
[BlackElo "1893"]
[PlyCount "73"]
[EventDate "2006.06.??"]

1. Nf3 Nf6 2. d4 g6 3. c4 c5 4. Nc3 cxd4 5. Nxd4 Bg7 6. e4 d6 7. Be2 O-O 8. O-O
Nc6 9. Nc2 Be6 10. Ne3 Rc8 11. Rb1 Na5 12. b3 b5 13. e5 Nd7 14. Nxb5 Nxe5 15.
Nxa7 Rb8 16. Nb5 Bd7 17. f4 Nec6 18. b4 Nb7 19. Kh1 e5 20. f5 gxf5 21. Nxf5
Bxf5 22. Rxf5 Ne7 23. Rh5 f5 24. Bh6 Rf7 25. Rb3 Ng6 26. Bxg7 Kxg7 27. Rg3 Qd7
28. Qd2 f4 29. Rgh3 Kh8 30. Bf3 Rf6 31. Nc3 Nf8 32. Nd5 Rf7 33. Be4 Nd8 34. Qd3
Nc6 35. Bxh7 Nxh7 36. Nf6 Rxf6 37. Rxh7+ 1-0

[Event "Lasker Memorial A"]
[Site "Barlinek"]
[Date "2006.06.09"]
[Round "7.26"]
[White "Kopinski, Tomasz"]
[Black "Siwiec, Arkadiusz"]
[Result "0-1"]
[WhiteElo "2069"]
[BlackElo "1957"]
[PlyCount "70"]
[EventDate "2006.06.??"]

1. c4 Nf6 2. Nc3 e6 3. e4 d6 4. d4 Be7 5. Nf3 O-O 6. Be2 c5 7. O-O Nbd7 8. h3
b6 9. e5 Ne8 10. exd6 Nxd6 11. d5 exd5 12. Nxd5 Nf6 13. Bf4 Nxd5 14. Qxd5 Bb7
15. Qd1 Nf5 16. Qa4 Bf6 17. Rad1 Qe8 18. Qc2 Be4 19. Qc1 Qc6 20. b3 Nd4 21.
Nxd4 Bxd4 22. g3 Bg2 23. Kh2 Bxf1 24. Bxf1 Qf6 25. Bg2 Rae8 26. Qc2 h6 27. Rf1
Re7 28. Be4 Rfe8 29. f3 g5 30. Bh7+ Kh8 31. Bd2 Re2+ 32. Kh1 Rxd2 33. Qxd2 Kxh7
34. f4 Qe6 35. Qd3+ Kg7 0-1